Henry IV: Part Two (Запис № 280745)

МАРК-запис
000 -Лідер
fixed length control field 01093nam a22002657a 4500
001 - Контрольний номер
control field 216219491
003 - Ідентифікатор контрольного номера
control field UA-OsUOA
005 - Дата та час останнього входження (трансакції)
control field 20201021111700.0
008 - Елементи даних фіксованої довжини – загальна інформація
fixed length control field 201021b -uk||||g |||| 00| d eng d
020 ## - Міжнародний стандартний книжковий номер (ISBN)
Міжнародний стандартний книжковий номер (ISBN) (НП) 9780140707281
040 ## - Джерело каталогізації
Агенція оригінальної каталогізації UA-OsUOA
Мова каталогізації ukr
Агенція, яка здійснювала перезапис UA-OsUOA
Агенція, яка здійснювала модифікацію UA-OsUOA
041 ## - Код мови
Код мови тексту/ звукової доріжки чи окремого заголовка (П) eng
080 ## - Індекс Універсальної десяткової класифікації
Індекс Універсальної десяткової класифікації (УДК) (НП) 821.111
090 ## - Локальний шифр розміщення
Класифікаційний індекс УДК 821.111
Авторський знак (НП) S53
100 ## - Основне введення – ім’я особи
Ім’я особи (НП) Shakespeare W.
245 ## - Відомості про назву
Назва (НП) Henry IV: Part Two
Дані про відповідальність (НП) William Shakespeare ; edited by P. H. Davison
260 ## - Публікація, розповсюдження і т.п. (Вихідні дані)
Місце публікації, розповсюдження і т.п. (П) London
Ім’я/ наймення видавництва, розповсюджувача і т.п. (П) Penguin Books
Дата публікації, розповсюдження і т.п. (П) 1996
300 ## - Фізичний опис
Обсяг 320 p.
490 ## - Область серії
Назва серії The New Penguin Shakespeare
520 ## - Резюме і т.п.
Резюме, реферат, анотація, тощо (НП) The play picks up where Henry IV, Part 1 left off. Its focus is on Prince Hals journey toward kingship, and his ultimate rejection of Falstaff. However, unlike Part 1, Hal and Falstaffs stories are almost entirely separate, as the two characters meet only twice and very briefly. The tone of much of the play is elegiac, focusing on Falstaffs age and his closeness to death.
650 ## - Додаткове предметне введення – тематичний термін
Тематичний термін чи географічна назва, як елемент введення (НП) 821.111 Англійська література
Джерело заголовка чи терміна UDC
700 1# - Додаткове введення – ім'я особи
Ім’я особи (НП) Davison P. H.
942 ## - Додаткові елементи входу (Коха)
Source of classification or shelving scheme Universal Decimal Classification
Тип елемента Koha Книги
955 ## - Код типу видання за змістом
Код типу видання за змістом (НП) Літературно-художні видання
Фонди
Стан вилучень Стан втрат Джерело класифікації або схеми стелажів Стан уражень Не для кредиту Постійне місце розташування Поточне розміщення Дата придбання Джерело придбання Кодування класифікатора місцеположення Вартість, звичайна ціна покупки Повний номер виклику Штрих-код Дата останнього перегляду Вартість, ціна заміни Ціна ефективна від Тип елемента Koha
    Universal Decimal Classification     ВІЛ - Відділ іноземн. літератури НБ ВІЛ - Відділ іноземн. літератури НБ 08/08/2005 №87 I26 33.00 821.111 S53 206433 23/11/2021 33.00 12/09/2001 Книги
    Universal Decimal Classification     ВІЛ - Відділ іноземн. літератури НБ ВІЛ - Відділ іноземн. літератури НБ 08/08/2005 №87 I26 33.00 821.111 S53 206434 23/11/2021 33.00 12/09/2001 Книги
    Universal Decimal Classification     ВІЛ - Відділ іноземн. літератури НБ ВІЛ - Відділ іноземн. літератури НБ 08/08/2005 №87 I26 33.00 821.111 S53 206435 06/12/2021 33.00 12/09/2001 Книги
    Universal Decimal Classification     ВІЛ - Відділ іноземн. літератури НБ ВІЛ - Відділ іноземн. літератури НБ 08/08/2005 №87 I26 33.00 821.111 S53 206436 23/11/2021 33.00 12/09/2001 Книги
    Universal Decimal Classification     ВІЛ - Відділ іноземн. літератури НБ ВІЛ - Відділ іноземн. літератури НБ 08/08/2005 №87 I26 33.00 821.111 S53 206437 23/11/2021 33.00 12/09/2001 Книги